Miti per vivere sulla terra e sulla Luna, in guerra , in pace , in amore (Record n. 88397)

Dettagli MARC
000 -LEADER
fixed length control field 01702nam a2200289Ia 4500
001 - CONTROL NUMBER
control field C0254
003 - CONTROL NUMBER IDENTIFIER
control field IT-RoPAU
008 - FIXED-LENGTH DATA ELEMENTS--GENERAL INFORMATION
fixed length control field 130308s9999 xx 000 0 und d
040 ## - CATALOGING SOURCE
Original cataloging agency IT-RoPAU
040 ## - CATALOGING SOURCE
Transcribing agency IT-RoPAU
041 ## - LANGUAGE CODE
Language code of text/sound track or separate title ITALIANO
100 ## - MAIN ENTRY--PERSONAL NAME
Personal name Campbell Joseph
100 ## - MAIN ENTRY--PERSONAL NAME
Miscellaneous information Codice Aut. SPICS: 39893
245 ## - TITLE STATEMENT
Title Miti per vivere sulla terra e sulla Luna, in guerra , in pace , in amore
245 ## - TITLE STATEMENT
Remainder of title Miti per vivere Sulla terra e Sulla Luna, in Guerra, in Pace, in Amore
250 ## - EDITION STATEMENT
Edition statement 1a ed.
260 ## - PUBLICATION, DISTRIBUTION, ETC. (IMPRINT)
Place of publication, distribution, etc. COMO
260 ## - PUBLICATION, DISTRIBUTION, ETC. (IMPRINT)
Name of publisher, distributor, etc. RED Edizioni
260 ## - PUBLICATION, DISTRIBUTION, ETC. (IMPRINT)
Date of publication, distribution, etc. 1990 [1° Ed.:1990 - Ed.Ling.Originale:1972]
300 ## - PHYSICAL DESCRIPTION
Extent "158 p. (prefazione: no ; testo: 158 [pagine: 0-0])"
500 ## - GENERAL NOTE
General note Raccolta di Saggi scritti in Tempi Diversi:L'Impatto della Scienza Sul Mito (The impact Of Science On Myth) del 1961.La mitologia dell'amore (The Mythology Of Love) del 1967.Mitologie di Guerra e di Pace (Mythologies Of War And Peace) del 1967.Schizofrenia: Il Viaggio Verso L'Interno (Schizofrenia The Inward Journey)Del 1970.La Passeggiata Sulla Luna: Il Viaggio Verso L'Esterno (The Moon Walk, The Outward Journey) del 1970.Commiato: senza Piu' Confini (Envoy: No More Horizons) del 1971.L'Autore Delinea in Questo Libro gli Orizzonti del Nostro vivere quotidiano in Cui maggiormente si Palesa un legame con le Diverse Tradizioni del Passato, Scopre I Residui del Mito nelle nostre Azioni, Nei Nostri Sentimenti,Neu Labirinti della Psiche. Risponde Alle Domande: Il Mito Fa Ancora Partedell'Esperienza della Modernita'? in che Modo Agisce sull'uomo D'Oggi? Seguendo Quali Percorsi?
650 ## - SUBJECT ADDED ENTRY--TOPICAL TERM
Topical term or geographic name as entry element ANTROPOLOGIA
650 ## - SUBJECT ADDED ENTRY--TOPICAL TERM
Relator term Codice materia Spics: 3501
942 ## - ADDED ENTRY ELEMENTS (KOHA)
Koha item type LIBRO
957 ## -
-- 1
999 ## - SYSTEM CONTROL NUMBERS (KOHA)
-- 1
Dati di copia
Withdrawn status Lost status Damaged status Not for loan Home library Current library Date acquired Total Checkouts Full call number Date last seen Price effective from Koha item type Public note
    Buone Condizioni Not For Loan SPICS-MEDIATECA SPICS-MEDIATECA 08/03/2013   C0254 08/03/2013 08/03/2013 LIBRO Progressivo inserimento: 7623 / N. Volumi: 1 Copie: 1 / data import: 1 marzo 2013 - By Epidotti, Trombetti, Vaglietti.
CREDITS: SOCIETA' SAN PAOLO Via A.Severo, 58 - ROMA (RM) & PERIODICI SAN PAOLO SRL Via Giotto, 36 MILANO & CISF Via Giotto, 36 MILANO & EDIZIONI SAN PAOLO SRL,  Piazza Soncino, 5 CINISELLO BALSAMO (MI) -- ITALY